000 01306nam a2200229 a 4500
001 000045258
005 20201002050018.0
008 081124s1998 dr a r 000 0 spa d
040 _aDO-SdBNP
_bspa
_cBNPHU
082 _a070.97293
_bM351a, 1998
100 1 _aMármol. Víctor A.,
_d1943-
_987
245 1 0 _aApuntes para la historia del periodismo dominicano /
_cVíctor A. Mármol.
250 _a2a. ed.
260 _aSanto Domingo :
_bEl Caribe,
_c1998.
300 _a64 p. :
_bil. ;
_c22 cm.
505 0 _tDedicatoria, --
_tExplicación --
_tA manera de prólogo --
_tOrigen histórico --
_tPrimera declaración de libertad de imprenta en la parte española --
_tPrimer periódico --
_tInicio del diarismo --
_tPublicaciones post-independencia --
_tPeriodismo moderno --
_tPeriodistas en favor de la colegiación --
_tPeriodistas contrario a la colegiación, --
_tSituación económica --
_tTiradas de periódicos --
_tRevistas --
_tHistoria de la radio y la televisión --
_tPublicaciones de interés histórico o literario.
590 _aInventariado,2018/DG
650 4 _aPeriodismo
_xHistoria
_zRepública Dominicana
_988
650 4 _aPrensa
_xHistória
_zRepública Dominicana
_989
650 4 _aMedios de comunicacion de masas
_xHistória
_zRepública Dominicana
_990
910 _aValidado. Control de calidad. MFF
999 _c44747
_d44747